1050 1363 1076 1028 1195 1449 1501 1698 1159 1422 1794 1345 1648 1264 1196 1227 1362 1734 1628 1059 1656 1516 1562 1316 1320 1030 1912 1823 1995 1524 1354 1439 1341 1154 1934 1793 1724 1746 1523 1007 1801 1958 1414 1271 1866 1601 1546 1937 1211 1858 1306 1734 1959 1316 1542 1325 1362 1054 1062 1185 1121 1149 1825 1556 1178 1181 1063 1514 1394 1503 1154 1278 1111 1294 1660 1102 1265 1449 1338 1126 1418 1000 1222 1503 1345 1553 1835 1016 1164 1119 1790 1605 1474 1145 1058 1328 1580 1958 1844 BCNSPRNW ULIB Ver.6.0+V

เปลี่ยนเป็นภาษาไทย

Change to English
 แสดงรายละเอียดบรรณานุกรม
  กลับหน้าหลัก

Brief Record : Get Marc (ISO 2709) : E-mail record : QR code < ปิดหน้าต่าง
LEADER : 00000nam 2200000uu 4500
001    13399112997
003     ULIB
008    110921s2549||||th 000 0 tha d
020    9746457705 (ล.2)
050 04 P90^bม246ท ล.2 2549
110 1  มหาวิทยาลัยสุโขทัยธรรมาธิราช
245 10 ประมวลสาระชุดวิชา เทคโนโลยีการจัดการการสื่อสาร หน่วนที่ 8-15=^bTechnology for communication management/^cมหาวิทยาลัยสุโขทัยธรรมาธิราช
246 30 เทคโนโลยีการจัดการการสื่อสาร
246 31 Technology for communication management
250    พิมพ์ครั้งที่ 1
260    นนทบุรี :^bมหาวิทยาลัยสุโขทัยธรรมาธิราช,^c2549
300    2 เล่ม :^bภาพประกอบ
500    ล.1: หน่วยที่ 1-7 -- ล.2: หน่วยที่ 8-15
500    หน่วยที่ 1-15 (แนวการศึกษา)
505 2  ล.1: แนวคิดและทฤษฎีเทคโนโลยีการจัดการการสื่อสาร -- เศรษฐกิจการเมือง และสังคมที่มีผลต่อการจัดการการสื่อสาร -- กฎหมายที่เกี่ยวข้องกับการจัดการการสื่อสาร -- การจัดทำนโยบายและแผนการสื่อสาร -- กิจการการสื่อสารภาครัฐ -- กิจการการสื่อสารภาคเอกชน -- การจัดการการสื่อสารเชิงประยุกต์ -- ล.2:การจัดองค์การและการบริหารทรัพยากรมนุษย์ในองค์การด้านการสื่อสาร -- การจัดการการผลิตงานด้านการสื่อสาร -- การควบคุมการจัดการการสื่อสาร --การจัดการการเงิน วัสดุ อุปกรณ์ในกิจการด้านการสื่อสาร -- การเพิ่มประสิทธิภาพในการจัดการการสื่อสาร -- กลยุทธ์การสื่อสารการตลาดเพื่อการจัดการ -- เทคโนโลยีการสนเทศเพื่อการจัดการ -- การประยุกต์เทคโนโลยีการจัดการการสื่อสารเพื่อการพัฒนาองค์การ
650  7 การสื่อสาร
650  7 เทคโนโลยีการสื่อสาร
650  7 การสื่อสาร^xการจัดการ^xเทคโนโลยีที่เหมาะสม
700 0  ปาริชาต สถาปิตานนท์
710 2  มหาวิทยาลัยสุโขทัยธรรมาธิราช.^bสาขาวิชานิเทศศาสตร์
740 0  Technology for communication management
945    ^p0^l0^i022946
945    ^p0^l0^i022947
945    ^p0^l0^i022948
995    ทศพร
999 ^a ทศพร
รายการนี้ยังไม่มีแท็ก
คุณยังไม่ได้ล็อกอิน คุณสามารถมีกิจกรรมร่วมกับเว็บไซต์ได้ แต่ต้องล็อกอินก่อน ::
  ล็อกอิน

รายการสื่อสารสนเทศ

ลำดับที่ ประเภท เลขเรียก/บาร์โค้ด สถานที่ สถานะ
- ไม่พบข้อมูล -

รายการใกล้เคียง
    หัวเรื่อง [การสื่อสาร]
    หัวเรื่อง [เทคโนโลยีการสื่อสาร]

BibComment


ยังไม่เคยถูกคอมเมนท์

คอมเมนท์ทรัพยากรรายการนี้
  คอมเมนท์: ประมวลสาระชุดวิชา..


 Copyright 2026. Bcnsprnw @Library